LIBRARY & INFORMATION CENTRE, KCAET, TAVANUR

ONLINE PUBLIC ACCESS CATALOGUE (OPAC)

Fitness of a lifetime commitment / (Record no. 7592)

MARC details
000 -LEADER
fixed length control field 00507cam a2200205ua 4500
041 ## - LANGUAGE CODE
Language code of text/sound track or separate title eng
082 ## - DEWEY DECIMAL CLASSIFICATION NUMBER
Classification number 612.7
Item number MIL/FI
100 ## - MAIN ENTRY--AUTHOR NAME
Personal name Miller, David K .
245 ## - TITLE STATEMENT
Title Fitness of a lifetime commitment /
250 ## - EDITION STATEMENT
Edition statement 2 /
260 ## - PUBLICATION, DISTRIBUTION, ETC. (IMPRINT)
Place of publication Delhi :
Name of publisher Surjeet book depot ,
Year of publication 1982.
300 ## - PHYSICAL DESCRIPTION
Number of Pages 247 ; .
500 ## - GENERAL NOTE
General note ** Reference
700 1# - ADDED ENTRY--PERSONAL NAME
Personal name Allen, Earl T .
942 ## - ADDED ENTRY ELEMENTS (KOHA)
Koha item type Books
Holdings
Withdrawn status Lost status Damaged status Home library Current library Date acquired Full call number Accession Number Koha item type
      KAUAET KAUAET 01/09/1986 613.7 15522 Books
free website counter